Learning golf: (Record no. 157496)
[ view plain ]
| 000 -LEADER | |
|---|---|
| fixed length control field | 00642nam a22002297a 4500 |
| 003 - CONTROL NUMBER IDENTIFIER | |
| control field | dpl |
| 005 - DATE AND TIME OF LATEST TRANSACTION | |
| control field | 20180914143115.0 |
| 008 - FIXED-LENGTH DATA ELEMENTS--GENERAL INFORMATION | |
| fixed length control field | 180914b xxu||||| |||| 00| 0 eng d |
| 010 ## - LIBRARY OF CONGRESS CONTROL NUMBER | |
| LC control number | A-300160 |
| 020 ## - INTERNATIONAL STANDARD BOOK NUMBER | |
| International Standard Book Number | 0340383194 |
| Terms of availability | 0.00 |
| 035 ## - SYSTEM CONTROL NUMBER | |
| System control number | A-300160 |
| 040 ## - CATALOGING SOURCE | |
| Original cataloging agency | DPL |
| Language of cataloging | EN |
| Transcribing agency | 0 |
| 082 ## - DEWEY DECIMAL CLASSIFICATION NUMBER | |
| Classification number | 796.35 |
| Item number | LYL |
| 100 ## - MAIN ENTRY--PERSONAL NAME | |
| Personal name | Lyle, Sandy |
| 245 ## - TITLE STATEMENT | |
| Title | Learning golf: |
| Remainder of title | the lyle way / |
| Statement of responsibility, etc | by Sandy lyle [and] John Andrisani |
| 260 ## - PUBLICATION, DISTRIBUTION, ETC. (IMPRINT) | |
| Place of publication, distribution, etc | London |
| Name of publisher, distributor, etc | Hodder & Stoughton |
| Date of publication, distribution, etc | 1986 |
| 270 ## - ADDRESS | |
| Address | 47 Bedford square |
| City | London |
| 300 ## - PHYSICAL DESCRIPTION | |
| Extent | 189p.: |
| Dimensions | 23cm |
| 700 ## - ADDED ENTRY--PERSONAL NAME | |
| Personal name | Andrisani, John |
| 700 ## - ADDED ENTRY--PERSONAL NAME | |
| Personal name | Lewis, Ken |
| 942 ## - ADDED ENTRY ELEMENTS (KOHA) | |
| Source of classification or shelving scheme | Dewey Decimal Classification |
| Koha item type | English Books |
| Classification part | 796.35 |
| Call number suffix | LYL |
| Withdrawn status | Lost status | Source of classification or shelving scheme | Damaged status | Not for loan | Collection code | Home library | Current library | Date acquired | Source of acquisition | Cost, normal purchase price | Total Checkouts | Full call number | Barcode | Date last seen | Cost, replacement price | Price effective from | Koha item type |
|---|---|---|---|---|---|---|---|---|---|---|---|---|---|---|---|---|---|
| Dewey Decimal Classification | Non-fiction | Patel Nagar | Patel Nagar | 14/09/2018 | BPPD/PUB | 0.00 | 796.35 LYL | A-300160 | 14/09/2018 | 0.00 | 14/09/2018 | English Books |
